ពាក្យកម្ចីបរទេសនិងលក្ខណ:សម្គាល់ពាក្យបាលី សំស្រ្កឺតក្នុងភាសាខ្មែរ / (Record no. 6537)
[ view plain ]
| 000 -LEADER | |
|---|---|
| fixed length control field | 02047nam a22002537a 4500 |
| 001 - CONTROL NUMBER | |
| control field | 6537 |
| 003 - CONTROL NUMBER IDENTIFIER | |
| control field | FISKH |
| 005 - DATE AND TIME OF LATEST TRANSACTION | |
| control field | 20250508141445.0 |
| 008 - FIXED-LENGTH DATA ELEMENTS--GENERAL INFORMATION | |
| fixed length control field | 250508b cb ||||| |||| 00| 0 eng d |
| 020 ## - INTERNATIONAL STANDARD BOOK NUMBER | |
| International Standard Book Number | 9789996333149 |
| 040 ## - CATALOGING SOURCE | |
| Original cataloging agency | FISKH |
| Language of cataloging | khr |
| Transcribing agency | FISKH |
| Modifying agency | FISKH |
| 050 ## - LIBRARY OF CONGRESS CALL NUMBER | |
| Classification number | PZ7 |
| 082 ## - DEWEY DECIMAL CLASSIFICATION NUMBER | |
| Classification number | 495.932 |
| 100 ## - MAIN ENTRY--PERSONAL NAME | |
| Personal name | Sokheng, Kong |
| 245 ## - TITLE STATEMENT | |
| Title | ពាក្យកម្ចីបរទេសនិងលក្ខណ:សម្គាល់ពាក្យបាលី សំស្រ្កឺតក្នុងភាសាខ្មែរ / |
| Statement of responsibility, etc. | រៀបរៀងនិងចងក្រងដោយលោក គង់ សុខហេង គ្រូបង្រៀនភាសាខ្មែរមធ្យមសិក្សាទុតិយភូមិ បរិញ្ញាបត្រជាន់ខ្ពស់វិទ្យាសាស្រ្តអប់រំ |
| 250 ## - EDITION STATEMENT | |
| Edition statement | បោះពុម្ពលើកទី១ |
| 260 ## - PUBLICATION, DISTRIBUTION, ETC. | |
| Place of publication, distribution, etc. | ភ្នំពេញ : |
| Name of publisher, distributor, etc. | រោងពុម្ព ពេជ្រណែត , |
| Date of publication, distribution, etc. | ២០១១ . |
| 300 ## - PHYSICAL DESCRIPTION | |
| Extent | 228 pages : |
| Other physical details | color illustrations ; |
| Dimensions | 20 cm . |
| 520 ## - SUMMARY, ETC. | |
| Summary, etc. | សៀវភៅនេះផ្តោតសំខាន់លើការពិចារណាពីការខ្ចីពាក្យពីភាសាបរទេស និងលក្ខណៈសម្គាល់នៃពាក្យបាលី និងសំស្ក្រឹតក្នុងភាសាខ្មែរ។ វាជាឯកសារដ៏មានតម្លៃសម្រាប់អ្នកស្រាវជ្រាវ និងអ្នកចាប់អារម្មណ៍លើភាសា និងវប្បធម៌ខ្មែរ។ |
| 520 ## - SUMMARY, ETC. | |
| Summary, etc. | This book primarily focuses on the study of foreign loanwords and the characteristics of Pali and Sanskrit words in the Khmer language. It is a valuable resource for researchers and those interested in the Khmer language and culture. |
| 650 ## - SUBJECT ADDED ENTRY--TOPICAL TERM | |
| Topical term or geographic name entry element | ពាក្យកម្ចីបរទេស |
| 942 ## - ADDED ENTRY ELEMENTS (KOHA) | |
| Source of classification or shelving scheme | Dewey Decimal Classification |
| Koha item type | Khmer Books |
| Suppress in OPAC | No |
| Withdrawn status | Lost status | Source of classification or shelving scheme | Damaged status | Not for loan | Collection | Home library | Current library | Shelving location | Date acquired | Total Checkouts | Full call number | Barcode | Date last seen | Copy number | Price effective from | Koha item type |
|---|---|---|---|---|---|---|---|---|---|---|---|---|---|---|---|---|
| Dewey Decimal Classification | Khmer Language Books / សៀវភៅភាសាខ្មែរ | Footprints International School Library Network Toul Tom Poung Campus | Footprints International School Library Network Toul Tom Poung Campus | TTP Secondary Khmer Bookshelves | 05/08/2025 | SOK PZ7 495.932 | FISSE01613 | 05/08/2025 | 1 | 05/08/2025 | Khmer Books | |||||
| Dewey Decimal Classification | Khmer Language Books / សៀវភៅភាសាខ្មែរ | Footprints International School Library Network Toul Tom Poung Campus | Footprints International School Library Network Toul Tom Poung Campus | TTP Secondary Khmer Bookshelves | 05/08/2025 | SOK PZ7 495.932 | FISSE01653 | 05/08/2025 | 2 | 05/08/2025 | Khmer Books |
